| 000 | 00657nam a22002057a 4500 | ||
|---|---|---|---|
| 005 | 20251108175506.0 | ||
| 008 | 250721s2011 xx 000 0 ara d | ||
| 082 | 1 | 4 | _a956.041/عبد |
| 100 | 1 | _aعبد الحكيم، منصور | |
| 245 | 1 | 0 | _aمعاوية بن أبي سفيان أمير الحكم و الدهاء .... / |
| 264 | 1 |
_aدمشق : _bدار الكتاب العربي، _c2011. |
|
| 300 | _a447ص. | ||
| 650 | 1 | 7 | _aخلافة معاوية 680-661 |
| 650 | 1 | 7 | _aالغزوات الاسلامية |
| 650 | 1 | 7 | _aالمعارك |
| 650 | 1 | 7 | _aالتراجم |
| 650 | 1 | 7 | _aالفتنة الكبرى |
| 942 |
_2ddc _cBK |
||
| 999 |
_c135403 _d135403 |
||